[Event "POL-chT 1st League 2020"]
[Site "Ustron"]
[Date "2020.09.07"]
[Round "3.30"]
[White "Lach, Aleksandra"]
[Black "Czerwinska, Milena"]
[Result "1-0"]
[WhiteElo "2188"]
[BlackElo "2010"]
[Annotator "ChessBase"]
[PlyCount "155"]
[EventDate "2020.09.05"]
[EventType "team-tourn"]
[EventCountry "POL"]
[SourceTitle "playchess.com"]
[Source "ChessBase"]
[SourceQuality "1"]
[WhiteTeam "SEMPAI UKS HETMAN Cz."]
[BlackTeam "OTSz Ostrow Wielkopolski"]
[WhiteTeamCountry "POL"]
[BlackTeamCountry "POL"]
[TimeControl "40/5400+30:1800+30"]

1. d4 {[%emt 0:00:00]} Nf6 {[%emt 0:00:00]} 2. c4 {[%emt 0:00:00]} g6 {[%emt 0:00:00]} 3. Nc3 {[%emt 0:00:17]} d6 {[%emt 0:00:25]} 4. e4 {[%emt 0:01:17]} Bg7 {[%emt 0:00:12]} 5. h3 {[%emt 0:00:22]} O-O {[%emt 0:01:54]} 6. Be3 {[%emt 0:00:17]} e5 {[%emt 0:05:38]} 7. d5 {[%emt 0:00:49]} c6 {[%emt 0:03:53]} 8. g4 {[%emt 0:01:35]} cxd5 {[%emt 0:02:52]} 9. cxd5 {[%emt 0:00:19]} Qa5 {[%emt 0:16:02]} 10. Qd2 {[%emt 0:08:10]} a6 {[%emt 0:06:46]} 11. b4 {[%emt 0:14:37]} Qd8 {[%emt 0:04:26]} 12. Nge2 {[%emt 0:10:13]} b5 {[%emt 0:06:41]} 13. Ng3 {[%emt 0:04:54]} Nbd7 {[%emt 0:06:12]} 14. a4 {[%emt 0:15:07]} bxa4 {[%emt 0:05:23]} 15. Nxa4 {[%emt 0:00:24]} Ne8 {[%emt 0:03:36]} 16. Nb2 {[%emt 0:11:00]} Nb6 {[%emt 0:13:10]} 17. Be2 {[%emt 0:07:49]} Bb7 {[%emt 0:14:50]} 18. Rc1 {[%emt 0:01:46]} Rc8 {[%emt 0:03:00]} 19. O-O {[%emt 0:01:00]} Nf6 {[%emt 0:00:47]} 20. Rxc8 {[%emt 0:00:54]} Bxc8 {[%emt 0:01:05]} 21. Rc1 {[%emt 0:05:36]} Bb7 {[%emt 0:00:40]} 22. Bxb6 {[%emt 0:07:00]} Qxb6 {[%emt 0:00:05]} 23. Nc4 {[%emt 0:00:09]} Qd8 {[%emt 0:00:31]} 24. g5 {[%emt 0:00:28]} Ne8 {[%emt 0:01:06]} 25. Na5 {[%emt 0:00:11]} Qb6 {[%emt 0:02:21]} 26. Nxb7 {[%emt 0:03:53]} Qxb7 {[%emt 0:00:04]} 27. Rc6 {[%emt 0:00:07]} Nc7 {[%emt 0:00:12]} 28. Rxd6 {[%emt 0:01:02]} Rb8 {[%emt 0:00:53]} 29. Rd7 {[%emt 0:01:02]} Qb6 {[%emt 0:00:29]} 30. d6 {[%emt 0:01:20]} Ne6 {[%emt 0:00:49]} 31. Bc4 {[%emt 0:00:14]} Bf8 {[%emt 0:00:47]} 32. Qd5 {[%emt 0:01:44]} Re8 {[%emt 0:00:09]} 33. Rb7 {[%emt 0:01:08]} Qxd6 {[%emt 0:00:28]} 34. Qxd6 {[%emt 0:00:50]} Bxd6 {[%emt 0:00:04]} 35. Bxe6 {[%emt 0:00:07]} Rxe6 {[%emt 0:00:22]} 36. Nf1 {[%emt 0:00:52]} f6 {[%emt 0:01:19]} 37. gxf6 {[%emt 0:00:20]} Rxf6 {[%emt 0:00:06]} 38. Ne3 {[%emt 0:00:07]} Rf7 {[%emt 0:00:57]} 39. Rb6 {[%emt 0:00:15]} Bf8 {[%emt 0:00:31]} 40. Ng4 {[%emt 0:00:00]} Ra7 {[%emt 0:00:00]} 41. Nxe5 {[%emt 0:03:59]} Re7 {[%emt 0:17:44]} 42. Ng4 {[%emt 0:07:02]} Ra7 {[%emt 0:01:45]} 43. Nf6+ {[%emt 0:05:57]} Kg7 {[%emt 0:00:42]} 44. e5 {[%emt 0:03:13]} h5 {[%emt 0:02:29]} 45. Kg2 {[%emt 0:07:20]} a5 {[%emt 0:01:30]} 46. bxa5 {[%emt 0:00:44]} Rxa5 {[%emt 0:00:04]} 47. Rb7+ {[%emt 0:00:04]} Kh6 {[%emt 0:00:27]} 48. Rh7+ {[%emt 0:00:37]} Kg5 {[%emt 0:00:16]} 49. Rf7 {[%emt 0:00:32]} Ba3 {[%emt 0:01:17]} 50. Ne4+ {[%emt 0:00:44]} Kh6 {[%emt 0:00:21]} 51. f4 {[%emt 0:00:33]} Bc1 {[%emt 0:02:03]} 52. h4 {[%emt 0:00:50]} Bxf4 {[%emt 0:05:19]} 53. Rxf4 {[%emt 0:00:20]} Rxe5 {[%emt 0:00:05]} 54. Ng5 {[%emt 0:00:41]} Re7 {[%emt 0:00:54]} 55. Rf6 {[%emt 0:00:41]} Kg7 {[%emt 0:00:44]} 56. Ra6 {[%emt 0:00:16]} Rb7 {[%emt 0:01:05]} 57. Ne6+ {[%emt 0:02:51]} Kh7 {[%emt 0:00:38]} 58. Nf8+ {[%emt 0:01:40]} Kg7 {[%emt 0:00:11]} 59. Nxg6 {[%emt 0:00:10]} Rb4 {[%emt 0:00:19]} 60. Kf3 {[%emt 0:00:20]} Rg4 {[%emt 0:00:50]} 61. Ne7 {[%emt 0:00:18]} Kf7 {[%emt 0:00:47]} 62. Nf5 {[%emt 0:00:13]} Rb4 {[%emt 0:00:47]} 63. Rh6 {[%emt 0:00:20]} Ra4 {[%emt 0:00:22]} 64. Kg3 {[%emt 0:01:10]} Rg4+ {[%emt 0:00:14]} 65. Kh3 {[%emt 0:00:17]} Rf4 {[%emt 0:00:35]} 66. Ng3 {[%emt 0:00:10]} Ra4 {[%emt 0:01:04]} 67. Nxh5 {[%emt 0:00:27]} Rb4 {[%emt 0:00:13]} 68. Kg3 {[%emt 0:00:12]} Ra4 {[%emt 0:00:07]} 69. Nf4 {[%emt 0:00:17]} Kg7 {[%emt 0:00:11]} 70. Rd6 {[%emt 0:00:10]} Kh7 {[%emt 0:00:13]} 71. Kg4 {[%emt 0:00:11]} Kg7 {[%emt 0:00:07]} 72. Rd5 {[%emt 0:00:23]} Kh7 {[%emt 0:00:06]} 73. Kg5 {[%emt 0:00:10]} Ra1 74. Rd7+ {[%emt 0:00:29]} Kg8 {[%emt 0:00:15]} 75. h5 {[%emt 0:01:11]} Rg1+ {[%emt 0:00:11]} 76. Kh6 {[%emt 0:00:30]} Rf1 {[%emt 0:00:13]} 77. Ng6 {[%emt 0:00:37]} Rg1 {[%emt 0:00:17]} 78. Rg7# {[%emt 0:00:05]} 1-0

[Event "POL-chT 1st League 2020"]
[Site "Ustron"]
[Date "2020.09.08"]
[Round "4.1"]
[White "Kolago, Marcin"]
[Black "Ponizil, Cyril"]
[Result "1-0"]
[WhiteElo "2342"]
[BlackElo "2507"]
[Annotator "TA"]
[PlyCount "123"]
[EventDate "2020.09.05"]
[EventType "team-tourn"]
[EventCountry "POL"]
[SourceTitle "playchess.com"]
[Source "ChessBase"]
[SourceQuality "1"]

{[%evp 16,123,8,-8,12,-7,-13,-11,-11,-25,-7,-34,0,-8,18,23,22,0,20,18,31,0,0,0,8,-20,-13,-35,-28,-37,-19,-22,0,0,-6,-31,0,0,0,0,0,0,16,20,49,15,20,14,68,25,26,0,43,-62,60,64,50,48,62,0,0,0,0,0,0,0,0,0,0,0,0,0,0,0,14,8,12,18,26,18,16,8,10,8,8,8,8,8,8,8,67,63,55,55,55,55,55,53,104,95,392,389,362,369,321,120,29980,29964,29980,29981]} 1. g3 Nf6 2. Bg2 d5 3. d3 g6 4. Nf3 Bg7 5. O-O O-O 6. Nbd2 c5 7. e4 Nc6 8. Re1 b6 9. c3 Bb7 {A08: King's Indian Attack.} 10. exd5 Nxd5 11. Nc4 Qc7 {The position is equal.} 12. Qb3 Rad8 13. a4 $1 h6 14. a5 {[#]} Nxa5 $146 ({Predecessor:} 14... e6 15. Bd2 Nce7 16. axb6 axb6 17. Ra7 Ra8 18. Rea1 Rxa7 19. Rxa7 Ra8 20. Qa4 Rxa7 21. Qxa7 {½-½ (78) Bocharov,D (2560)-Svidler,P (2727) Berlin 2015}) 15. Nxa5 bxa5 16. Qa3 e5 17. Qxa5 Nb6 $1 18. Rd1 c4 19. d4 exd4 20. cxd4 Bd5 21. Be3 Qc6 22. Ne1 Rd7 23. Bh3 f5 24. Bf4 Re8 25. Nc2 Bf3 (25... Be4 $5 {[%cal Re4c2]} 26. Rdc1 Nd5 $15) 26. Re1 Rxe1+ 27. Rxe1 Be4 28. Nb4 Qb7 29. Be5 Bf8 30. Bf1 Kh7 31. Rc1 Bf3 (31... Bd6 $11) 32. Qb5 ({And not} 32. Bxc4 Nxc4 33. Rxc4 Be2 $17) 32... h5 33. Ra1 h4 (33... Nc8 $5 {[%cal Rb7b5]} 34. Qxb7 Rxb7 $11) 34. Na6 ({White should try} 34. Nc2 $14) 34... Bc6 (34... hxg3 $15 35. hxg3 Kg8) 35. Qa5 $14 {Hoping for Nc5.} Rf7 36. Qd2 Bh6 37. Qb4 (37. f4 $14) 37... f4 $11 38. Qd6 ({Of course not} 38. gxh4 Qd7 $17) 38... fxg3 39. hxg3 {aiming for Qd8.} hxg3 40. Bxg3 Bf8 41. Qd8 Be7 42. Qc7 Bf6 43. Qxb7 Bxb7 44. Be5 Bxe5 45. dxe5 Bd5 46. Nb4 Be6 47. Nc6 {Nd8 is the strong threat.} Kh6 48. Nxa7 {Black should prevent Nb5.} Rf5 49. Ra6 Rg5+ 50. Kh2 Rh5+ 51. Kg3 Rg5+ 52. Kf3 Rf5+ ({Better is} 52... Bd5+ $11 53. Ke3 Rxe5+ 54. Kd4 Re6) 53. Ke4 $1 $14 Rxf2 54. Rxb6 Bf5+ 55. Kd5 Rxf1 {[%mdl 4096] Endgame KRB-KRN} 56. Nb5 Rb1 (56... Kg5 $14) 57. Nd4 $16 Bd3 $2 {[%mdl 8192]} (57... Bh3 $16) 58. e6 $18 {Black must now prevent e7.} Re1 {[#]} 59. Kd6 $1 g5 {[#]} 60. e7 $2 (60. Nf3 $1 $18 {[%cal Rf3e1] and the rest is easy.} Rd1 61. e7) 60... Kg7 $2 {[%mdl 8192]} (60... g4 $16) 61. Rb8 Bg6 62. Ne6+ {[%mdl 64] Double Attack. Accuracy: White = 73%, Black = 69%.} 1-0

[Event "POL-chT 1st League 2020"]
[Site "Ustron"]
[Date "2020.09.08"]
[Round "4.2"]
[White "Paszewski, Mateusz"]
[Black "Wiewiora, Eneasz"]
[Result "0-1"]
[WhiteElo "2275"]
[BlackElo "2346"]
[Annotator "ChessBase"]
[PlyCount "212"]
[EventDate "2020.09.05"]
[EventType "team-tourn"]
[EventCountry "POL"]
[SourceTitle "playchess.com"]
[Source "ChessBase"]
[SourceQuality "1"]
[TimeControl "40/5400+30:1800+30"]

1. c4 {[%emt 0:00:00]} Nf6 {[%emt 0:02:16]} 2. d4 {[%emt 0:00:00]} g6 {[%emt 0:05:10]} 3. f3 {[%emt 0:00:00]} Bg7 {[%emt 0:04:17]} 4. e4 {[%emt 0:00:11]} O-O {[%emt 0:00:06]} 5. Nc3 {[%emt 0:00:04]} d6 {[%emt 0:01:37]} 6. Nge2 {[%emt 0:00:10]} c5 {[%emt 0:05:11]} 7. d5 {[%emt 0:00:22]} e6 {[%emt 0:00:19]} 8. Ng3 {[%emt 0:00:06]} exd5 {[%emt 0:00:53]} 9. cxd5 {[%emt 0:00:02]} a6 {[%emt 0:02:06]} 10. a4 {[%emt 0:00:12]} Nbd7 {[%emt 0:00:21]} 11. Be2 {[%emt 0:02:23]} Rb8 {[%emt 0:06:07]} 12. O-O {[%emt 0:04:01]} Re8 {[%emt 0:04:06]} 13. Be3 {[%emt 0:12:02]} h5 {[%emt 0:09:07]} 14. Bg5 {[%emt 0:08:30]} Qc7 {[%emt 0:19:34]} 15. Qd2 {[%emt 0:03:59]} c4 {[%emt 0:01:53]} 16. a5 {[%emt 0:13:55]} b5 {[%emt 0:13:05]} 17. axb6 {[%emt 0:06:49]} Qxb6+ {[%emt 0:00:13]} 18. Be3 {[%emt 0:03:51]} Qc7 {[%emt 0:07:16]} 19. Na4 {[%emt 0:07:06]} Ne5 {[%emt 0:00:59]} 20. Rfc1 {[%emt 0:10:09]} h4 {[%emt 0:02:12]} 21. Nh1 {[%emt 0:00:35]} Bd7 {[%emt 0:01:07]} 22. Nf2 {[%emt 0:03:26]} Bb5 {[%emt 0:02:03]} 23. h3 {[%emt 0:11:26]} Nh7 {[%emt 0:06:17]} 24. Bd4 {[%emt 0:02:52]} f5 {[%emt 0:01:39]} 25. Nc3 Qf7 {[%emt 0:03:13]} 26. Nxb5 {[%emt 0:07:00]} axb5 {[%emt 0:00:01]} 27. Ra7 {[%emt 0:00:32]} Re7 {[%emt 0:00:37]} 28. Rxe7 {[%emt 0:00:56]} Qxe7 {[%emt 0:00:01]} 29. Ra1 {[%emt 0:00:12]} f4 {[%emt 0:00:56]} 30. Ra7 {[%emt 0:01:15]} Rb7 {[%emt 0:00:22]} 31. Ra8+ {[%emt 0:00:32]} Nf8 {[%emt 0:00:01]} 32. Qxf4 {[%emt 0:02:32]} Nxf3+ {[%emt 0:00:07]} 33. Bxf3 {[%emt 0:00:05]} Bxd4 {[%emt 0:00:05]} 34. Bg4 {[%emt 0:00:03]} Qf6 {[%emt 0:02:32]} 35. Qxf6 {[%emt 0:00:51]} Bxf6 {[%emt 0:00:01]} 36. Nd1 {[%emt 0:00:05]} Kg7 {[%emt 0:00:36]} 37. Kf2 {[%emt 0:00:38]} Bd4+ {[%emt 0:00:25]} 38. Ke2 {[%emt 0:00:07]} Nh7 {[%emt 0:00:41]} 39. Rd8 {[%emt 0:01:11]} Ng5 {[%emt 0:00:59]} 40. Rd7+ {[%emt 0:00:00]} Rxd7 {[%emt 0:00:00]} 41. Bxd7 {[%emt 0:01:09]} b4 {[%emt 0:04:51]} 42. Bb5 {[%emt 0:00:56]} Nxe4 {[%emt 0:04:13]} 43. Bxc4 {[%emt 0:00:10]} Kf6 {[%emt 0:01:38]} 44. Ne3 {[%emt 0:14:06]} Bxb2 {[%emt 0:02:18]} 45. Ng4+ {[%emt 0:00:11]} Kg5 {[%emt 0:00:33]} 46. Nf2 {[%emt 0:01:08]} Ng3+ {[%emt 0:13:23]} 47. Kf3 {[%emt 0:01:34]} Nf5 {[%emt 0:00:06]} 48. Ne4+ {[%emt 0:02:38]} Kh6 {[%emt 0:00:02]} 49. Ke2 {[%emt 0:01:42]} Be5 {[%emt 0:00:50]} 50. Kd3 {[%emt 0:01:48]} Ng7 {[%emt 0:01:26]} 51. Nd2 {[%emt 0:02:36]} Nh5 {[%emt 0:00:25]} 52. Ke4 {[%emt 0:00:23]} Ng3+ {[%emt 0:03:22]} 53. Kd3 {[%emt 0:00:48]} Bf4 {[%emt 0:01:32]} 54. Nf3 {[%emt 0:04:46]} g5 {[%emt 0:00:03]} 55. Nd4 {[%emt 0:00:24]} Be5 {[%emt 0:00:39]} 56. Nc2 {[%emt 0:00:59]} Bc3 {[%emt 0:00:27]} 57. Ne3 {[%emt 0:00:05]} Kg6 {[%emt 0:00:23]} 58. Bb3 {[%emt 0:01:33]} Kf6 {[%emt 0:02:06]} 59. Bd1 {[%emt 0:00:37]} Ke5 {[%emt 0:01:29]} 60. Bf3 {[%emt 0:00:07]} Kf4 {[%emt 0:00:39]} 61. Bd1 {[%emt 0:01:43]} Ne4 {[%emt 0:00:45]} 62. Ng4 {[%emt 0:01:34]} Nc5+ {[%emt 0:00:34]} 63. Kc4 {[%emt 0:00:11]} Be1 {[%emt 0:00:34]} 64. Nh6 {[%emt 0:01:02]} Ne4 {[%emt 0:00:24]} 65. Nf7 {[%emt 0:00:22]} Kg3 {[%emt 0:00:43]} 66. Bc2 {[%emt 0:00:45]} Nf6 {[%emt 0:00:09]} 67. Nxd6 {[%emt 0:00:52]} Kxg2 {[%emt 0:00:07]} 68. Nf7 {[%emt 0:00:32]} Kxh3 {[%emt 0:01:04]} 69. Nxg5+ {[%emt 0:00:10]} Kg4 {[%emt 0:00:22]} 70. Ne4 {[%emt 0:00:21]} Nd7 {[%emt 0:00:33]} 71. Nc5 {[%emt 0:01:04]} Nb6+ {[%emt 0:00:09]} 72. Kb5 {[%emt 0:00:56]} Nxd5 {[%emt 0:00:05]} 73. Nd3 {[%emt 0:00:07]} Bc3 {[%emt 0:00:21]} 74. Nf2+ {[%emt 0:00:30]} Kf3 {[%emt 0:00:12]} 75. Nh3 {[%emt 0:00:20]} Ne3 {[%emt 0:00:21]} 76. Bb3 {[%emt 0:00:18]} Kg3 {[%emt 0:00:21]} 77. Ng5 {[%emt 0:00:05]} h3 {[%emt 0:00:20]} 78. Nxh3 {[%emt 0:00:19]} Kxh3 {[%emt 0:00:06]} 79. Ka4 {[%emt 0:00:05]} Kg3 {[%emt 0:00:08]} 80. Bg8 {[%emt 0:00:05]} Kf4 {[%emt 0:00:03]} 81. Kb3 {[%emt 0:00:05]} Ke5 {[%emt 0:00:04]} 82. Bf7 {[%emt 0:00:09]} Kd4 {[%emt 0:00:05]} 83. Bg8 {[%emt 0:00:08]} Nf5 {[%emt 0:00:09]} 84. Kc2 {[%emt 0:00:31]} Kc5 {[%emt 0:00:13]} 85. Kb3 {[%emt 0:00:29]} Nd4+ {[%emt 0:00:04]} 86. Ka2 {[%emt 0:00:04]} Kb5 {[%emt 0:00:43]} 87. Bf7 {[%emt 0:00:05]} Ka5 {[%emt 0:00:15]} 88. Be8 {[%emt 0:01:51]} b3+ {[%emt 0:00:42]} 89. Ka3 {[%emt 0:00:03]} Bd2 {[%emt 0:00:05]} 90. Kb2 {[%emt 0:00:13]} Kb4 {[%emt 0:00:04]} 91. Bf7 {[%emt 0:00:11]} Bc3+ {[%emt 0:00:05]} 92. Kb1 {[%emt 0:00:03]} Ka3 {[%emt 0:00:07]} 93. Bg8 {[%emt 0:00:30]} Nf3 {[%emt 0:00:11]} 94. Bxb3 {[%emt 0:00:42]} Kxb3 {[%emt 0:00:18]} 95. Kc1 {[%emt 0:00:02]} Nd4 {[%emt 0:00:48]} 96. Kd1 {[%emt 0:00:02]} Kc4 {[%emt 0:00:06]} 97. Kc1 {[%emt 0:00:03]} Kd3 {[%emt 0:00:05]} 98. Kb1 {[%emt 0:00:06]} Bb4 {[%emt 0:00:50]} 99. Kb2 {[%emt 0:00:05]} Kd2 {[%emt 0:00:03]} 100. Kb1 {[%emt 0:00:02]} Ba3 {[%emt 0:00:04]} 101. Ka2 {[%emt 0:00:03]} Bc1 {[%emt 0:00:03]} 102. Kb1 {[%emt 0:00:03]} Kd1 {[%emt 0:00:03]} 103. Ka2 {[%emt 0:00:11]} Kc2 {[%emt 0:00:03]} 104. Ka1 {[%emt 0:00:01]} Nc6 {[%emt 0:00:07]} 105. Ka2 {[%emt 0:00:04]} Nb4+ {[%emt 0:00:02]} 106. Ka1 {[%emt 0:00:02]} Bb2# {[%emt 0:00:02]} 0-1

[Event "POL-chT 1st League 2020"]
[Site "Ustron"]
[Date "2020.09.08"]
[Round "4.3"]
[White "Rawicz, Karol"]
[Black "Ciesla, Adam"]
[Result "0-1"]
[WhiteElo "2225"]
[BlackElo "2294"]
[Annotator "ChessBase"]
[PlyCount "46"]
[EventDate "2020.09.05"]
[EventType "team-tourn"]
[EventCountry "POL"]
[SourceTitle "playchess.com"]
[Source "ChessBase"]
[SourceQuality "1"]
[TimeControl "40/5400+30:1800+30"]

1. e4 {[%emt 0:00:00]} e5 {[%emt 0:00:00]} 2. Nf3 {[%emt 0:00:37]} Nc6 {[%emt 0:00:00]} 3. Bb5 {[%emt 0:01:04]} a6 {[%emt 0:00:00]} 4. Ba4 {[%emt 0:00:36]} b5 {[%emt 0:00:14]} 5. Bb3 {[%emt 0:00:22]} Na5 {[%emt 0:00:10]} 6. O-O {[%emt 0:05:35]} d6 {[%emt 0:02:06]} 7. d4 {[%emt 0:01:31]} exd4 {[%emt 0:00:32]} 8. Nxd4 {[%emt 0:00:23]} Bb7 {[%emt 0:01:52]} 9. Nf5 {[%emt 0:21:18]} g6 {[%emt 0:05:17]} 10. Ne3 {[%emt 0:10:47]} Bg7 {[%emt 0:02:58]} 11. Nc3 {[%emt 0:01:41]} Nf6 {[%emt 0:14:56]} 12. Ned5 {[%emt 0:02:39]} Nxd5 {[%emt 0:02:40]} 13. exd5 {[%emt 0:02:10]} O-O {[%emt 0:01:24]} 14. Be3 {[%emt 0:00:54]} b4 {[%emt 0:06:07]} 15. Na4 {[%emt 0:00:52]} Qh4 {[%emt 0:01:21]} 16. Qd3 {[%emt 0:34:24]} Rae8 {[%emt 0:04:07]} 17. c4 {[%emt 0:04:14]} Bc8 {[%emt 0:04:45]} 18. Rac1 {[%emt 0:02:17]} Nxb3 {[%emt 0:06:38]} 19. Qxb3 {[%emt 0:01:05]} Bd7 {[%emt 0:05:54]} 20. Qxb4 {[%emt 0:01:52]} Re5 {[%emt 0:01:20]} 21. g3 {[%emt 0:01:59]} Qh3 {[%emt 0:00:41]} 22. Rc2 {[%emt 0:00:07]} Rfe8 {[%emt 0:01:02]} 23. Qb3 {[%emt 0:02:58]} Rh5 {[%emt 0:03:26]} 0-1

[Event "POL-chT 1st League 2020"]
[Site "Ustron"]
[Date "2020.09.08"]
[Round "4.4"]
[White "Tomaszewski, Roman"]
[Black "Klepek, Witold"]
[Result "1/2-1/2"]
[WhiteElo "2206"]
[BlackElo "2159"]
[Annotator "ChessBase"]
[PlyCount "105"]
[EventDate "2020.09.05"]
[EventType "team-tourn"]
[EventCountry "POL"]
[SourceTitle "playchess.com"]
[Source "ChessBase"]
[SourceQuality "1"]
[TimeControl "40/5400+30:1800+30"]

1. e4 {[%emt 0:00:00]} e6 {[%emt 0:00:00]} 2. d3 {[%emt 0:00:00]} d5 {[%emt 0:00:00]} 3. Nd2 {[%emt 0:00:03]} c5 {[%emt 0:00:44]} 4. Ngf3 {[%emt 0:00:13]} Nf6 {[%emt 0:00:11]} 5. g3 {[%emt 0:00:48]} Nc6 {[%emt 0:00:06]} 6. Bg2 {[%emt 0:00:07]} Be7 {[%emt 0:03:46]} 7. O-O {[%emt 0:00:23]} Qc7 {[%emt 0:01:33]} 8. Re1 {[%emt 0:00:14]} b5 {[%emt 0:01:53]} 9. exd5 {[%emt 0:46:41]} exd5 {[%emt 0:01:03]} 10. c4 {[%emt 0:15:27]} bxc4 {[%emt 0:04:19]} 11. dxc4 {[%emt 0:00:03]} O-O {[%emt 0:01:21]} 12. Nf1 {[%emt 0:14:34]} Rd8 {[%emt 0:22:41]} 13. Bf4 {[%emt 0:00:09]} Qb6 {[%emt 0:04:43]} 14. Ne5 {[%emt 0:00:19]} Nxe5 {[%emt 0:02:23]} 15. Bxe5 {[%emt 0:00:08]} Be6 {[%emt 0:13:18]} 16. Qe2 {[%emt 0:09:09]} Qa6 {[%emt 0:09:05]} 17. cxd5 {[%emt 0:05:52]} Qxe2 {[%emt 0:00:14]} 18. Rxe2 {[%emt 0:00:05]} Bxd5 {[%emt 0:02:11]} 19. Ne3 {[%emt 0:02:06]} Bxg2 {[%emt 0:00:07]} 20. Kxg2 {[%emt 0:00:06]} g6 {[%emt 0:03:20]} 21. Rc1 {[%emt 0:01:20]} Nd5 {[%emt 0:01:00]} 22. Nxd5 {[%emt 0:00:35]} Rxd5 {[%emt 0:00:05]} 23. b3 {[%emt 0:00:18]} Rad8 {[%emt 0:02:12]} 24. Bc3 {[%emt 0:00:20]} Bf8 {[%emt 0:01:04]} 25. Re4 {[%emt 0:02:23]} f5 {[%emt 0:09:43]} 26. Ra4 {[%emt 0:00:20]} R8d7 {[%emt 0:00:49]} 27. Ra6 {[%emt 0:00:42]} R5d6 {[%emt 0:01:16]} 28. Ra5 {[%emt 0:00:33]} Re6 {[%emt 0:00:21]} 29. Rc2 {[%emt 0:00:11]} g5 {[%emt 0:07:27]} 30. Ra4 {[%emt 0:00:11]} Kf7 {[%emt 0:00:51]} 31. Rd2 {[%emt 0:00:07]} Red6 {[%emt 0:01:19]} 32. Rxd6 {[%emt 0:00:52]} Bxd6 {[%emt 0:00:06]} 33. Bd2 {[%emt 0:00:37]} g4 {[%emt 0:00:48]} 34. Be3 {[%emt 0:00:50]} Ke6 {[%emt 0:00:50]} 35. h3 {[%emt 0:00:42]} h5 {[%emt 0:00:15]} 36. h4 {[%emt 0:00:01]} Kd5 {[%emt 0:00:54]} 37. Ra6 {[%emt 0:00:18]} Rb7 {[%emt 0:02:30]} 38. Kf1 {[%emt 0:00:45]} Re7 {[%emt 0:00:22]} 39. Bg5 {[%emt 0:00:35]} Rd7 {[%emt 0:00:46]} 40. Ra4 {[%emt 0:00:00]} Rb7 {[%emt 0:00:00]} 41. Be3 {[%emt 0:03:41]} Bc7 {[%emt 0:04:38]} 42. Rc4 {[%emt 0:01:09]} Bd6 {[%emt 0:01:43]} 43. Ra4 {[%emt 0:01:18]} Bc7 {[%emt 0:00:54]} 44. Ke2 {[%emt 0:10:00]} Bb6 {[%emt 0:02:48]} 45. Rf4 {[%emt 0:01:58]} Ke6 {[%emt 0:00:27]} 46. Kd3 {[%emt 0:01:39]} Rd7+ {[%emt 0:00:29]} 47. Kc2 {[%emt 0:00:43]} Rd5 {[%emt 0:00:27]} 48. Rc4 {[%emt 0:07:32]} Re5 {[%emt 0:04:24]} 49. Kd3 {[%emt 0:04:05]} Rd5+ {[%emt 0:00:47]} 50. Ke2 {[%emt 0:00:12]} Re5 {[%emt 0:00:47]} 51. Kd3 {[%emt 0:03:20]} Rd5+ {[%emt 0:00:04]} 52. Kc2 {[%emt 0:00:56]} Re5 {[%emt 0:00:06]} 53. Kd3 {[%emt 0:00:33]} 1/2-1/2

[Event "POL-chT 1st League 2020"]
[Site "Ustron"]
[Date "2020.09.08"]
[Round "4.5"]
[White "Milanowski, Jan"]
[Black "Flis, Jacek"]
[Result "0-1"]
[WhiteElo "1751"]
[BlackElo "2214"]
[Annotator "ChessBase"]
[PlyCount "104"]
[EventDate "2020.09.05"]
[EventType "team-tourn"]
[EventCountry "POL"]
[SourceTitle "playchess.com"]
[Source "ChessBase"]
[SourceQuality "1"]
[TimeControl "40/5400+30:1800+30"]

1. d4 {[%emt 0:00:00]} Nf6 {[%emt 0:00:00]} 2. Nf3 {[%emt 0:00:11]} g6 {[%emt 0:00:11]} 3. Bf4 {[%emt 0:00:26]} Bg7 {[%emt 0:00:56]} 4. h3 {[%emt 0:01:12]} c5 {[%emt 0:05:16]} 5. c3 {[%emt 0:09:39]} Qb6 {[%emt 0:04:51]} 6. Qb3 {[%emt 0:02:47]} Nc6 {[%emt 0:06:11]} 7. e3 {[%emt 0:04:12]} Na5 {[%emt 0:09:23]} 8. Qxb6 {[%emt 0:01:18]} axb6 {[%emt 0:00:07]} 9. Nbd2 {[%emt 0:00:10]} O-O {[%emt 0:07:01]} 10. Be2 {[%emt 0:04:16]} d6 {[%emt 0:09:27]} 11. O-O {[%emt 0:00:47]} Bf5 {[%emt 0:05:35]} 12. g4 {[%emt 0:04:41]} Bd7 {[%emt 0:07:58]} 13. Kh2 {[%emt 0:01:54]} cxd4 {[%emt 0:04:54]} 14. exd4 {[%emt 0:02:15]} Nd5 {[%emt 0:01:25]} 15. Bg3 {[%emt 0:04:34]} b5 {[%emt 0:02:18]} 16. a3 {[%emt 0:01:40]} Nb6 {[%emt 0:03:37]} 17. Ne1 {[%emt 0:15:10]} Nac4 {[%emt 0:02:20]} 18. Nxc4 {[%emt 0:00:29]} bxc4 {[%emt 0:01:46]} 19. Nc2 {[%emt 0:03:55]} Rfc8 {[%emt 0:02:26]} 20. Ne3 {[%emt 0:02:35]} Ra5 {[%emt 0:03:52]} 21. Rad1 {[%emt 0:14:00]} Ba4 {[%emt 0:01:36]} 22. Rd2 {[%emt 0:00:07]} Bb3 {[%emt 0:00:21]} 23. Bf3 {[%emt 0:02:18]} Rc7 {[%emt 0:03:13]} 24. Be4 {[%emt 0:00:47]} Rd7 {[%emt 0:01:30]} 25. f4 {[%emt 0:01:54]} e6 {[%emt 0:00:28]} 26. f5 {[%emt 0:06:05]} exf5 {[%emt 0:00:59]} 27. gxf5 {[%emt 0:00:06]} Re7 {[%emt 0:02:05]} 28. fxg6 {[%emt 0:01:19]} hxg6 {[%emt 0:00:57]} 29. Bxb7 {[%emt 0:01:27]} Rxe3 {[%emt 0:00:37]} 30. Bxd6 {[%emt 0:00:09]} Rh5 {[%emt 0:00:32]} 31. Bg2 {[%emt 0:00:24]} Ba4 {[%emt 0:01:41]} 32. Bf4 {[%emt 0:00:59]} Re7 {[%emt 0:00:44]} 33. Bf3 {[%emt 0:01:05]} Rb5 {[%emt 0:00:23]} 34. Bg2 {[%emt 0:02:25]} Rf5 {[%emt 0:00:23]} 35. Bd6 {[%emt 0:02:10]} Rxf1 {[%emt 0:00:49]} 36. Bxf1 {[%emt 0:00:27]} Re1 {[%emt 0:01:34]} 37. Rf2 {[%emt 0:02:33]} Bb3 {[%emt 0:01:31]} 38. Bc5 {[%emt 0:00:44]} Nd7 {[%emt 0:01:22]} 39. Bd6 {[%emt 0:00:24]} Nf6 {[%emt 0:00:36]} 40. Bc7 {[%emt 0:00:00]} Ne4 {[%emt 0:00:00]} 41. Re2 {[%emt 0:08:48]} Rxf1 {[%emt 0:01:40]} 42. Rxe4 {[%emt 0:00:02]} f5 {[%emt 0:00:51]} 43. Re2 {[%emt 0:00:30]} Rd1 {[%emt 0:00:42]} 44. Re7 {[%emt 0:06:57]} Rd2+ {[%emt 0:01:31]} 45. Kg3 {[%emt 0:00:25]} Rxb2 {[%emt 0:00:59]} 46. d5 {[%emt 0:00:15]} Rd2 {[%emt 0:00:44]} 47. d6 {[%emt 0:00:06]} Bf8 {[%emt 0:00:59]} 48. Rd7 {[%emt 0:00:49]} Ba4 {[%emt 0:00:52]} 49. Rd8 {[%emt 0:00:04]} Kf7 {[%emt 0:00:48]} 50. Kf4 {[%emt 0:01:51]} Bh6+ {[%emt 0:00:24]} 51. Kg3 {[%emt 0:00:57]} Bc6 {[%emt 0:00:21]} 52. h4 {[%emt 0:00:22]} f4+ {[%emt 0:02:25]} 0-1